| 000 | 00377 a2200121 4500 | ||
|---|---|---|---|
| 001 | ART_17247 | ||
| 005 | 20260410161644.0 | ||
| 008 | 260409a | ||
| 245 | 1 | 0 | _aLos "malos créditos" según la Suprema Corte de Justicia |
| 100 | 1 | _aMoreno, Carolina | |
| 700 | 1 | _aMazzaroni, Diego H. | |
| 773 | 0 |
_tConsultor tributario _g- Año 7, Nº 78 (ago. 2013) _wREV474 |
|
| 999 |
_c13582 _d13582 |
||